000 00596nam a22002297a 4500
003 UA-OsUOA
001 94125
007 ta
008 20130205b un ||||| |||| 00| 0 ukr d
100 _aНьєво С.
090 _a821.131.1
_bН90
942 _cBK
040 _aUA-OsUOA
_bukr
_cUA-OsUOA
_dUA-OsUOA
245 _aЛуг на морському дні
_bроман
300 _a224 с.
955 _a3
041 _aukr
080 _a821.131.1
260 _aК.
_bМолодь
_c1986
650 7 _a82 Література. Літературознавство
_2UDC
999 _c380394
_d380394